00584nam a2200205Ia 450000500170000000800410001708200190005810000130007724500580009025000160014826000350016430000120019965000120021165000110022365000150023465000130024994200060026295200950026899900150036320250305050536.0240331s9999 xx 000 0 und d bBAL22596a920 a Bala, K 0aSinthanaiyalar Aristotle:bSinthanaiyalar Varisai - 6 a5th Edition aChennaibPrema Parisuramc1992 a140 p., aScience aEthics aPhilosophy aPolitics cL 001040708LaWERCLbWERCLcSSCd2024-03-31l0o 920 BALp2596r2024-03-31w2024-03-31yL c4263d4263